Лекции по психологии

Xehetasun bibliografikoak
Egile nagusia: Тихомиров О. К. Олег Константинович
Gaia:Курс лекций О. К. Тихомирова (1932—2001), одного из наиболее значительных отечественных психологов второй половины XX в., читался на психологическом факультете МГУ им. М. В. Ломоносова. Он включает в себя основные разделы общей психологии: общая характеристика психологии как науки; развитие представлений о предмете психологии; становление и развитие психики и сознания; ощущения и восприятие; внимание; память; мышление и речь; потребности, мотивы, эмоции и, наконец, личность. Яркой особенностью О. К. Тихомирова как лектора была блестящая способность простым и ясным языком донести до слушателя всю глубину и весь драматизм мысли ученых, посвятивших себя делу решения сложнейших проблем познания психики. Благодаря профессионализму научного редактора этот же стиль подачи материала удалось сохранить и в данном учебнике. Книга предназначена студентам и аспирантам непсихологических вузов, будет полезна студентам младших курсов психологических вузов и факультетов, а также всем интересующимся основами психологических знаний.
Hizkuntza:errusiera
Argitaratua: Москва, Юрайт, 2008
Saila:Антология психологической мысли
Gaiak:
Formatua: MixedMaterials Liburua
KOHA link:https://koha.lib.tpu.ru/cgi-bin/koha/opac-detail.pl?biblionumber=151279

MARC

LEADER 00000nam0a2200000 4500
001 151279
005 20231101221541.0
010 |a 9785991600279  |b (в пер.)  |b 1000 экз. 
021 |a RU  |b 08-63964  |9 08-3637 
035 |a (RuTPU)RU\TPU\book\164020 
090 |a 151279 
100 |a 20080911d2008 m y0rusy5002 ca 
101 0 |a rus 
102 |a RU 
105 |a y j 001yy 
200 1 |a Лекции по психологии  |f О. К. Тихомиров 
210 |a Москва  |c Юрайт  |d 2008 
215 |a 587, [2] с.  |d 21 см. 
225 1 |a Антология психологической мысли 
320 |a Библиогр. в конце книги. 
330 |a Курс лекций О. К. Тихомирова (1932—2001), одного из наиболее значительных отечественных психологов второй половины XX в., читался на психологическом факультете МГУ им. М. В. Ломоносова. Он включает в себя основные разделы общей психологии: общая характеристика психологии как науки; развитие представлений о предмете психологии; становление и развитие психики и сознания; ощущения и восприятие; внимание; память; мышление и речь; потребности, мотивы, эмоции и, наконец, личность. Яркой особенностью О. К. Тихомирова как лектора была блестящая способность простым и ясным языком донести до слушателя всю глубину и весь драматизм мысли ученых, посвятивших себя делу решения сложнейших проблем познания психики. Благодаря профессионализму научного редактора этот же стиль подачи материала удалось сохранить и в данном учебнике. Книга предназначена студентам и аспирантам непсихологических вузов, будет полезна студентам младших курсов психологических вузов и факультетов, а также всем интересующимся основами психологических знаний. 
606 1 |a Психология общая  |2 stltpush  |3 (RuTPU)RU\TPU\subj\53137  |9 71487 
610 1 |a психика 
610 1 |a психическая деятельность 
610 1 |a сознание 
610 1 |a поведение 
610 1 |a бессознательное 
610 1 |a познавательные процессы 
610 1 |a ощущение 
610 1 |a восприятие 
610 1 |a внимание 
610 1 |a память 
610 1 |a мышление 
610 1 |a речь 
610 1 |a мотивации 
610 1 |a эмоции 
610 1 |a личность 
610 1 |a учебные пособия 
686 |a Ю93я73  |v LBC/SL-A  |2 rubbk 
700 1 |a Тихомиров  |b О. К.  |g Олег Константинович  |4 070 
801 1 |a RU  |b 63413507  |c 20090121  |g PSBO 
801 2 |a RU  |b 63413507  |c 20090623  |g PSBO 
900 |a Психология 
942 |c BK 
959 |a 9/20090119  |d 1  |e 360,00  |f ЧЗГЛ:1